000 00720nam a2200229Ia 4500
003 OSt
005 20220923230641.0
006 a|||||r|||| 00| 0
007 ta
008 Pun
024 _a288,559
037 _cTextual
040 _aARTS
_cARTS
_bPun
041 _2Pun
_aPun
082 _aO153,1:g(Delta73), M1
100 _aਜਲਾਲਪੁਰੀ, ਸੱਯਦ ਅਲੀ ਅੱਬਾਸ
245 0 _aਸੂਖ਼ੀ - ਕਾਵਿ ਤੇ ਉਸਦਾ ਪਿਛੋਦੜ
260 _c1981
650 _aਭੱਜ਼ਾਂਸ਼. ਸਾਂFੲਛ
942 _hO153,1:g(Delta73), M1
_cTEXL
_2CC
999 _c386267
_d386267